FINALCAST, a.s. - skúsený a moderný partner

Podrobná bibliografia
Médium: Článok
Jazyk:Slovak
Témy:
Zdroj: 1. Slévárenství 1. 0037-6825 1. Roč. 54, č. 4-5 (2006), s. 156
LEADER 00684nab#a2200277#ar4500
001 000060005
003 SVKKK
005 20060628143502.0
008 060626c2005 xo e slo
FMT
038 |a SVKKK 
040 |a SVKKK  |b slo  |e AACR2 
041 0 |a slo 
044 |a xo  |c SK 
080 |a 621.74  |2 1997 
080 |a 621.744  |2 1997 
245 0 0 |a FINALCAST, a.s. - skúsený a moderný partner 
300 |b Obr. 
610 2 4 |a FINALCAST  |x firma zlievarenská (Slovensko)  |x činnosť 
650 0 4 |a formy  |x výroba 
773 0 |t Slévárenství  |x 0037-6825  |g Roč. 54, č. 4-5 (2006), s. 156 
974 |a MI 
992 |a RBX 
BAS
852 |a SVKKK  |b BIB 
998 |a HUT